<?xml version="1.0" encoding="UTF-8"?>
<marc:record xmlns:marc="http://www.loc.gov/MARC21/slim">
   <marc:leader>00000nam a2200000 a 4500</marc:leader>
   <marc:datafield ind1="1" ind2=" " tag="100">
      <marc:subfield code="a">Vogt, Annette</marc:subfield>
      <marc:subfield code="4">edt</marc:subfield>
      <marc:subfield code="e">Bearbeiter/-in</marc:subfield>
   </marc:datafield>
   <marc:datafield ind1="1" ind2=" " tag="100">
      <marc:subfield code="a">Sarkowicz, Hans</marc:subfield>
      <marc:subfield code="4">edt</marc:subfield>
      <marc:subfield code="e">Bearbeiter/-in</marc:subfield>
   </marc:datafield>
   <marc:datafield ind1=" " ind2=" " tag="653">
      <marc:subfield code="a">Nationalsozialismus</marc:subfield>
   </marc:datafield>
   <marc:datafield ind1=" " ind2=" " tag="653">
      <marc:subfield code="a">Vertreibung</marc:subfield>
   </marc:datafield>
   <marc:datafield ind1=" " ind2=" " tag="653">
      <marc:subfield code="a">Exil</marc:subfield>
   </marc:datafield>
   <marc:datafield ind1=" " ind2=" " tag="653">
      <marc:subfield code="a">Flucht</marc:subfield>
   </marc:datafield>
   <marc:datafield ind1=" " ind2=" " tag="653">
      <marc:subfield code="a">USA</marc:subfield>
   </marc:datafield>
   <marc:datafield ind1=" " ind2=" " tag="653">
      <marc:subfield code="a">Originalton</marc:subfield>
   </marc:datafield>
   <marc:datafield ind1=" " ind2=" " tag="653">
      <marc:subfield code="a">Wissenschaftler</marc:subfield>
   </marc:datafield>
   <marc:datafield ind1=" " ind2=" " tag="653">
      <marc:subfield code="a">Nobelpreisträger</marc:subfield>
   </marc:datafield>
   <marc:datafield ind1=" " ind2=" " tag="653">
      <marc:subfield code="a">Gespräche</marc:subfield>
   </marc:datafield>
   <marc:datafield ind1=" " ind2=" " tag="653">
      <marc:subfield code="a">Radiogeschichte</marc:subfield>
   </marc:datafield>
   <marc:datafield ind1=" " ind2=" " tag="653">
      <marc:subfield code="a">Deutsche Geschichte</marc:subfield>
   </marc:datafield>
   <marc:datafield ind1=" " ind2=" " tag="653">
      <marc:subfield code="a">Jahrhundertstimmen</marc:subfield>
   </marc:datafield>
   <marc:datafield ind1=" " ind2=" " tag="653">
      <marc:subfield code="a">HBGENSAC: Sachbuch</marc:subfield>
   </marc:datafield>
   <marc:datafield ind1=" " ind2=" " tag="653">
      <marc:subfield code="a">Kassette / Sachbücher/Politik</marc:subfield>
   </marc:datafield>
   <marc:datafield ind1=" " ind2=" " tag="653">
      <marc:subfield code="a">Gesellschaft</marc:subfield>
   </marc:datafield>
   <marc:datafield ind1=" " ind2=" " tag="653">
      <marc:subfield code="a">Wirtschaft/Gesellschaft</marc:subfield>
   </marc:datafield>
   <marc:datafield ind1=" " ind2=" " tag="653">
      <marc:subfield code="a">Hörbuch</marc:subfield>
   </marc:datafield>
   <marc:datafield ind1="0" ind2="0" tag="245">
      <marc:subfield code="a">Vertreibung des Geistes</marc:subfield>
   </marc:datafield>
   <marc:datafield ind1="0" ind2="0" tag="245">
      <marc:subfield code="b">35 Stimmen aus dem Exil von Hannah Arendt bis Ernst Toch</marc:subfield>
   </marc:datafield>
   <marc:datafield ind1="0" ind2="0" tag="245">
      <marc:subfield code="c">Annette Vogt und Hans Sarkowicz (Hrsg.)</marc:subfield>
   </marc:datafield>
   <marc:datafield ind1=" " ind2="1" tag="264">
      <marc:subfield code="a">München</marc:subfield>
      <marc:subfield code="b">Der Hörverlag</marc:subfield>
   </marc:datafield>
   <marc:datafield ind1="1" ind2=" " tag="520">
      <marc:subfield code="a">Angaben aus der Verlagsmeldung

Vertreibung des Geistes : Deutsche Wissenschaft im Exil. 35 Gespräche

Über die Bedeutung der Vertreibung von Geistesgrößen wie Hannah Arendt, Th. W. Adorno, Max Delbrück, Walter Gropius und vieler mehr aus dem nationalsozialistischen Deutschland

Hannah Arendt, Theodor W. Adorno, Walter Gropius, Hans Jonas, Max Delbrück, Curt Stern und viele andere Größen aus Physik, Jura, Geschichtswissenschaften, Theologie, Chemie, Pädagogik und mehr: Die Machtübernahme der Nationalsozialisten war für viele Wissenschaftler:innen verbunden mit Berufsverbot, Bedrohung und Verfolgung. Viele sahen sich gezwungen, Deutschland zu verlassen und zu versuchen, im Exil eine neue Existenz aufzubauen. In Interviews aus den Jahren 1959 und 1960 sprechen 35 Exilant:innen in den USA über die Gründe ihre Vertreibung und den Neuanfang, über Fluchtwege und Helfer, über neue Hoffnung und Scheitern.
Mit: Theodor W. Adorno, Hannah Arendt, Fritz Bamberger, Walter Berendsohn, Albrecht Bethe, Arnold Brecht, Richard Courant, Max Delbrück, Friedrich Dessauer, Tilly Edinger, Friedrich Wilhelm Förster, Walter Friedländer, Kurt Goldstein, Sabine Gova, Walter Gropius, Emil Gumbel, Hajo Holborn, Werner Jaeger, Hans Jonas, Hans Kelsen, Adolf Leschnitzer, Fritz Lipmann, Leo Löwenthal, Karl Landauer, Adolf Leschnitzer, Anna Maenchen, Kurt Pinthus, Hans Rothe, Hans Rothfels Rosenstock-Huessy , Martin Schwarzschild, Else Staudinger, Hans Staudinger, Curt Stern, Paul Tillich und Ernst Toch

2 MP3-CDs, ca. 20h 32min
</marc:subfield>
   </marc:datafield>
   <marc:datafield ind1=" " ind2=" " tag="020">
      <marc:subfield code="a">9783844546880</marc:subfield>
      <marc:subfield code="9">9783844546880</marc:subfield>
   </marc:datafield>
   <marc:datafield ind1=" " ind2=" " tag="020">
      <marc:subfield code="a">384454688X</marc:subfield>
      <marc:subfield code="9">384454688X</marc:subfield>
   </marc:datafield>
   <marc:datafield ind1=" " ind2=" " tag="041">
      <marc:subfield code="a">ger</marc:subfield>
   </marc:datafield>
   <marc:datafield ind1=" " ind2=" " tag="300">
      <marc:subfield code="a">2 CDs</marc:subfield>
   </marc:datafield>
</marc:record>
